00297nam a2200109Ia 4500008004100000082001600041100002400057245003500081260004600116300001000162600001500172250610s9999 xx 000 0 und d a891.439 FAT aFatima, Naseem, Dr. 0aSindh Mein Urdu Makhtootat (I) aKarachi:bLibrary Promotion Bureau,c2010 a351p. aLiterature